00394nam a22001337a 4500003000400000005001700004008004100021040002200062082001600084100003500100245004300135260006300178300001900241OSt20221005172735.0221005b |||||||| |||| 00| 0 eng d cBiblioteca Lado V a708 bL579a aLeon de la Barra, Pabloeautor aArt in General/bLa colección Jumex/ aNew YorkbThe Mexican Cultural Institute of New Yorkc2003 a110p.c14x21cm